000 00968nam a2200253Ia 4500
003 OSt
005 20221005104951.0
006 a|||||r|||| 00| 0
007 ta
008 221004b |||||||| |||| 00| 0 hin d
020 _a9788185999982 (hbk)
_c200
024 _a100253
037 _b364, 04/03/2010, Swaraj Prakashan
_cTextual
040 _aCRL
_cCRL
_bhin
041 _2hin
_ahin
082 _aO152,1N12:g, Q0
100 _aसिंहल, निर्मल
245 0 _aडॉ. रामविलास शर्मा का काव्य - संर
_b एक विवेचन
246 _aḌaॉ. Rāmavilās sharmā kā kāvya - sanra: ek vivechana
260 _aदिल्ली
_bस्वराज प्रकाशन भारत
_c2010
300 _a131पृ0
_ccm.
942 _hO152,1N12:g, Q0
_cTEXL
_2cc
999 _c1014326
_d1014326